000 00306nam a22001457a 4500
003 SGT
082 _a612
_bT15K
100 _aKHURANA,INDU
245 _aTEXT BOOK OF MEDICAL PHYSIOLOGY
250 _a2ND
260 _aDELHI
_bELSEVIER
_c2015
300 _a1289
650 _aPHYSIOLOGY
942 _2ddc
_cBK
_011
999 _c8377
_d8377